Sports Quiz

Random Sports or Basketball Quiz

SEC Quiz Stats

 Plays Quiz Updated Oct 19, 2016

Score 0/28 Timer 05:00
29 Plays Today
% Correct
Alabama
95.7%
Florida
95.1%
Georgia
92%
Louisiana State
91.6%
Mississippi
90.1%
Bulldogs
88.1%
Tigers
87.9%
Tigers
87.7%
Gators
86.6%
Auburn
86.1%
Bulldogs
86%
Tennessee
85.7%
Crimson Tide
85.5%
Arkansas
84.9%
% Correct
Kentucky
84.4%
Wildcats
83.8%
Mississippi State
82.9%
South Carolina
81.9%
Tigers
81.2%
Texas A&M
80.1%
Missouri
79.3%
Volunteers
79.3%
Razorbacks
77.6%
Vanderbilt
77.1%
Gamecocks
74.6%
Aggies
71.7%
Rebels
71.4%
Commodores
59.6%

You're not logged in!

Compare scores with friends on all Sporcle quizzes.
OR
Log In

Sporcle TV

Today on Sporcle TV


Watch our educational content, quiz creation guides, and fun videos on Sporcle TV.

Show Comments

Extras

Top Quizzes Today


Score Distribution

Your Account Isn't Verified!

In order to create a playlist on Sporcle, you need to verify the email address you used during registration. Go to your Sporcle Settings to finish the process.

Report this User

Report this user for behavior that violates our Community Guidelines.

Details: